[Event "SVK-chT1E 1718"]
[Site "Slovakia"]
[Date "2017.12.03"]
[Round "6.4"]
[White "Mrvova, Alena"]
[Black "Andras, Tomas"]
[Result "1-0"]
[WhiteElo "2174"]
[BlackElo "2122"]
[PlyCount "59"]
[EventDate "2017.10.21"]
[EventType "team-tourn"]
[EventRounds "11"]
[EventCountry "SVK"]
[SourceTitle "EXT 2019"]
[Source "ChessBase"]
[SourceDate "2018.10.10"]
[SourceVersion "1"]
[SourceVersionDate "2018.10.10"]
[SourceQuality "1"]
[WhiteTeam "Bardejov"]
[BlackTeam "Kezmarok"]
[WhiteTeamCountry "SVK"]
[BlackTeamCountry "SVK"]

1. e4 e5 2. Nf3 Nc6 3. Bb5 a6 4. Ba4 Nf6 5. d3 Bc5 6. c3 Qe7 7. 0-0 b5 8. Bc2 d6 9. a4 Ba7 10. b4 Bg4 11. Be3 0-0 12. Bxa7 Rxa7 13. h3 Bh5 14. Nbd2 d5 15. axb5 axb5 16. Rxa7 Nxa7 17. Qa1 c6 18. exd5 Nxd5 19. Re1 f6 20. d4 Qc7 21. g4 exd4 22. gxh5 dxc3 23. Ne4 Qf4 24. Nd4 Rf7 25. Ne6 Qf3 26. Qa5 Rd7 27. Ng3 Nf4 28. Nxf4 Qxf4 29. Qa2+ Kf8 30. Qe6 1-0

[Event "SVK-chT1E 1617"]
[Site "Slovakia"]
[Date "2017.03.18"]
[Round "10.2"]
[White "Zatko, Gregor"]
[Black "Andras, Tomas"]
[Result "0-1"]
[WhiteElo "2203"]
[BlackElo "2134"]
[PlyCount "64"]
[EventDate "2016.10.15"]
[EventType "team-tourn"]
[EventRounds "11"]
[EventCountry "SVK"]
[SourceTitle "EXT 2019"]
[Source "ChessBase"]
[SourceDate "2018.10.10"]
[SourceVersion "1"]
[SourceVersionDate "2018.10.10"]
[SourceQuality "1"]
[WhiteTeam "Banska Bystrica Junior"]
[BlackTeam "Kezmarok"]
[WhiteTeamCountry "SVK"]
[BlackTeamCountry "SVK"]

1. d4 d5 2. Bg5 Bf5 3. c4 h6 4. Bh4 c6 5. Nc3 Qb6 6. cxd5 Qxb2 7. Rc1 e6 8. dxe6 Bb4 9. Qd2 Qxd2+ 10. Kxd2 Bxe6 11. Rb1 a5 12. Rb2 f5 13. e3 Nd7 14. Bd3 b5 15. Nge2 Nb6 16. Kc2 g5 17. Bg3 Nf6 18. Be5 0-0 19. Rbb1 Nc4 20. Rbf1 Nxe5 21. dxe5 Ng4 22. Nd4 Rae8 23. Nxe6 Rxe6 24. Ne2 Rxe5 25. Nd4 f4 26. h3 Rc5+ 27. Kb1 Ne5 28. Be2 Nc4 29. Bxc4+ Rxc4 30. Re1 Bc3 31. Nf3 fxe3 32. fxe3 Re8 0-1

[Event "SVK-chT1E 1516"]
[Site "Slovakia"]
[Date "2015.11.15"]
[Round "4.2"]
[White "Andras, Tomas"]
[Black "Kopera, Michal"]
[Result "1-0"]
[WhiteElo "2143"]
[BlackElo "2098"]
[PlyCount "55"]
[EventDate "2015.10.24"]
[EventType "team-tourn"]
[EventRounds "11"]
[EventCountry "SVK"]
[SourceTitle "CBM 169 Extra"]
[Source "ChessBase"]
[SourceDate "2015.12.18"]
[SourceVersion "1"]
[SourceVersionDate "2015.12.18"]
[SourceQuality "1"]
[WhiteTeam "Kezmarok"]
[BlackTeam "Zilina Mladost II"]
[WhiteTeamCountry "SVK"]
[BlackTeamCountry "SVK"]

1. e4 e5 2. f4 exf4 3. Nf3 Nc6 4. d4 d5 5. exd5 Qxd5 6. c4 Bb4+ 7. Nc3 Qd6 8. d5 Qe7+ 9. Be2 Ne5 10. Nxe5 Qxe5 11. Qa4+ Bd7 12. Qxb4 0-0-0 13. 0-0 g5 14. Qc5 Kb8 15. Qf2 f5 16. a4 Nf6 17. Bd2 Rhg8 18. Nb5 b6 19. Bc3 Qe7 20. d6 cxd6 21. Bxf6 Qxf6 22. Bf3 Bxb5 23. axb5 Rg7 24. Rxa7 Kxa7 25. Ra1+ Kb8 26. Qxb6+ Kc8 27. Qc6+ Rc7 28. Ra8# 1-0

[Event "SVK-chT1E 1516"]
[Site "Slovakia"]
[Date "2015.10.25"]
[Round "2.1"]
[White "Andras, Tomas"]
[Black "Mede, Istvan"]
[Result "1/2-1/2"]
[WhiteElo "2143"]
[BlackElo "2237"]
[PlyCount "74"]
[EventDate "2015.10.24"]
[EventType "team-tourn"]
[EventRounds "11"]
[EventCountry "SVK"]
[SourceTitle "CBM 169 Extra"]
[Source "ChessBase"]
[SourceDate "2015.12.18"]
[SourceVersion "1"]
[SourceVersionDate "2015.12.18"]
[SourceQuality "1"]
[WhiteTeam "Kezmarok"]
[BlackTeam "Jelsava Magnezit"]
[WhiteTeamCountry "SVK"]
[BlackTeamCountry "SVK"]

1. e4 c5 2. Nf3 Nc6 3. Bb5 g6 4. c3 Bg7 5. 0-0 e5 6. Bc4 Nge7 7. d3 0-0 8. Bg5 h6 9. Be3 b6 10. d4 exd4 11. cxd4 d5 12. exd5 Nxd5 13. Bxd5 Qxd5 14. Nc3 Qh5 15. dxc5 bxc5 16. Qd5 Qxd5 17. Nxd5 Nd4 18. Rfd1 Bg4 19. Bxh6 Bxf3 20. Bxg7 Bxd5 21. Bxf8 Kxf8 22. Rd2 a5 23. b3 Be6 24. Rc1 Rc8 25. Rc3 Ke7 26. f3 Kd6 27. Kf2 Rh8 28. h3 g5 29. Rd1 Rb8 30. Rdc1 c4 31. Rd1 Kc5 32. Rdc1 a4 33. Rxc4+ Bxc4 34. Rxc4+ Kd5 35. Rxa4 f5 36. Ke3 Ne6 37. Ra5+ Nc5 1/2-1/2

[Event "SVK-chT1E 1415"]
[Site "Slovakia"]
[Date "2015.03.15"]
[Round "11.1"]
[White "Andras, Tomas"]
[Black "Kociscak, Jiri"]
[Result "0-1"]
[WhiteElo "2121"]
[BlackElo "2439"]
[PlyCount "102"]
[EventDate "2014.10.18"]
[EventType "team-tourn"]
[EventRounds "11"]
[EventCountry "SVK"]
[SourceTitle "EXT 2016"]
[Source "ChessBase"]
[SourceDate "2015.10.08"]
[SourceVersion "1"]
[SourceVersionDate "2015.10.08"]
[SourceQuality "1"]
[WhiteTeam "Kezmarok"]
[BlackTeam "Zilina"]
[WhiteTeamCountry "SVK"]
[BlackTeamCountry "SVK"]

1. e4 e5 2. f4 exf4 3. Nf3 g5 4. Bc4 Bg7 5. d4 Nc6 6. c3 h6 7. g3 Nge7 8. gxf4 g4 9. Rg1 d5 10. exd5 Nxd5 11. Qe2+ Nce7 12. Ne5 h5 13. Be3 Bf5 14. Nd2 c6 15. 0-0-0 Qd6 16. h3 Nxc3 17. Bxf7+ Kf8 18. Qc4 Nxd1 19. Kxd1 Nd5 20. Bxd5 Qxd5 21. Qb4+ c5 22. dxc5 Kg8 23. hxg4 hxg4 24. Nxg4 Rf8 25. Qc4 Be6 26. Qxd5 Bxd5 27. Kc2 Rh1 28. Rg3 Kh7 29. a3 a6 30. Nf2 Rh2 31. Nf3 Bxf3 32. Rxf3 Re8 33. Bd2 Re2 34. Rh3+ Rxh3 35. Nxh3 Bxb2 36. Ng5+ Kg6 37. Kxb2 Rxd2+ 38. Kc3 Re2 39. Kc4 Rc2+ 40. Kb4 Kf5 41. Nf7 Ke6 42. Ne5 Kd5 43. Ng6 Rc4+ 44. Kb3 Kxc5 45. f5 Rg4 46. Ne7 Rf4 47. Kc3 Rf3+ 48. Kd2 Rxa3 49. Ke2 Kd6 50. f6 Ke6 51. Nd5 Ra5 0-1

[Event "SVK-chT1E 1415"]
[Site "Slovakia"]
[Date "2014.10.18"]
[Round "1.3"]
[White "Andras, Tomas"]
[Black "Jelen, Peter"]
[Result "1-0"]
[WhiteElo "2121"]
[BlackElo "2233"]
[PlyCount "81"]
[EventDate "2014.10.18"]
[EventType "team-tourn"]
[EventRounds "11"]
[EventCountry "SVK"]
[SourceTitle "EXT 2016"]
[Source "ChessBase"]
[SourceDate "2015.10.08"]
[SourceVersion "1"]
[SourceVersionDate "2015.10.08"]
[SourceQuality "1"]
[WhiteTeam "Kezmarok"]
[BlackTeam "Liptov Chess School II"]
[WhiteTeamCountry "SVK"]
[BlackTeamCountry "SVK"]

1. e4 g6 2. d4 Bg7 3. Nc3 d6 4. Be3 a6 5. Qd2 b5 6. 0-0-0 Bb7 7. f3 Nd7 8. Kb1 Nb6 9. a3 c6 10. h4 h6 11. Nh3 Nf6 12. g4 Nfd7 13. h5 g5 14. f4 gxf4 15. Nxf4 a5 16. Bd3 b4 17. Nce2 bxa3 18. e5 dxe5 19. Ne6 fxe6 20. Bg6+ Kf8 21. dxe5 Bxe5 22. Rhf1+ Bf6 23. Nf4 Qb8 24. Nxe6+ Kg8 25. Bxb6 Nxb6 26. Rxf6 exf6 27. Qd4 Nd5 28. c4 Qe5 29. cxd5 cxd5 30. Qxe5 fxe5 31. Rf1 Ba6 32. Bf7+ Kh7 33. Bg6+ Kg8 34. Rf7 Bd3+ 35. Ka2 Rh7 36. Rxh7 Bxg6 37. hxg6 Re8 38. Rg7+ Kh8 39. Rh7+ Kg8 40. Ng7 Rd8 41. Nf5 1-0

[Event "Tatry op"]
[Site "Tatranske Zruby"]
[Date "2014.09.30"]
[Round "3"]
[White "Borsos, Bogdan"]
[Black "Andras, Tomas"]
[Result "0-1"]
[WhiteElo "2224"]
[BlackElo "2106"]
[PlyCount "100"]
[EventDate "2014.09.28"]
[EventType "swiss"]
[EventRounds "9"]
[EventCountry "SVK"]
[SourceTitle "CBM 162 Extra"]
[Source "ChessBase"]
[SourceDate "2014.10.17"]
[SourceVersion "1"]
[SourceVersionDate "2014.10.17"]
[SourceQuality "1"]

1. Nf3 d5 2. c4 d4 3. e3 c5 4. b4 f6 5. Bd3 g6 6. bxc5 e5 7. exd4 exd4 8. 0-0 Bxc5 9. Ba3 Nd7 10. Re1+ Kf7 11. Be4 Ne7 12. Qb3 Nc6 13. Bd5+ Kg7 14. d3 Qc7 15. Nbd2 Rd8 16. Ne4 Bxa3 17. Qxa3 Nde5 18. Nxe5 fxe5 19. Rab1 Ne7 20. Nc5 Nxd5 21. Rxb7 Bxb7 22. Ne6+ Kf6 23. Nxc7 Nxc7 24. Qa5 Rd7 25. Qxe5+ Kf7 26. h4 Kg8 27. Qc5 Kf7 28. h5 Ne6 29. Qe5 Re8 30. Rb1 Bc6 31. Rb3 gxh5 32. Qxh5+ Kf8 33. Ra3 Rg7 34. Qf5+ Kg8 35. f3 Rg5 36. Qf6 Rg6 37. Qh4 Bxf3 38. Rxa7 Rxg2+ 39. Kf1 Ng7 40. Qf6 Rf8 41. Qxd4 Nf5 42. Qe5 Ng3+ 43. Ke1 Re2+ 44. Qxe2 Bxe2 45. c5 Bxd3 46. Ra3 Rf1+ 47. Kd2 Ne4+ 48. Ke3 Nxc5 49. Ra5 Rf5 50. a4 h5 0-1

[Event "Tatry op"]
[Site "Tatranske Zruby"]
[Date "2014.09.29"]
[Round "2"]
[White "Andras, Tomas"]
[Black "Petran, Peter"]
[Result "0-1"]
[WhiteElo "2106"]
[BlackElo "2327"]
[PlyCount "62"]
[EventDate "2014.09.28"]
[EventType "swiss"]
[EventRounds "9"]
[EventCountry "SVK"]
[SourceTitle "CBM 162 Extra"]
[Source "ChessBase"]
[SourceDate "2014.10.17"]
[SourceVersion "1"]
[SourceVersionDate "2014.10.17"]
[SourceQuality "1"]

1. e4 c6 2. d4 d5 3. e5 c5 4. f4 cxd4 5. Nf3 Bg4 6. Bb5+ Nc6 7. Qxd4 Bxf3 8. gxf3 e6 9. Be3 Nge7 10. Nc3 a6 11. Bxc6+ Nxc6 12. Qb6 d4 13. Qxb7 Qc8 14. Qxc8+ Rxc8 15. Bxd4 Nxd4 16. 0-0-0 Nf5 17. Ne4 Bb4 18. a3 Bc5 19. Rhe1 Be3+ 20. Kb1 Bxf4 21. Nd6+ Nxd6 22. Rxd6 a5 23. Re4 g5 24. Ra6 Bxh2 25. Rxa5 h5 26. Re1 h4 27. b4 h3 28. Kb2 Bf4 29. c4 h2 30. Rh1 Rh3 31. c5 Rxf3 0-1

[Event "Senica op 6th"]
[Site "Senica"]
[Date "2014.08.30"]
[Round "5"]
[White "Andras, Tomas"]
[Black "Lintner, Igor"]
[Result "1-0"]
[WhiteElo "2106"]
[BlackElo "1860"]
[PlyCount "73"]
[EventDate "2014.08.27"]
[EventType "swiss"]
[EventRounds "7"]
[EventCountry "SVK"]
[SourceTitle "EXT 2016"]
[Source "ChessBase"]
[SourceDate "2015.10.08"]
[SourceVersion "1"]
[SourceVersionDate "2015.10.08"]
[SourceQuality "1"]

1. e4 d5 2. exd5 Qxd5 3. Nc3 Qa5 4. d4 Nf6 5. Bd3 Bg4 6. f3 Bh5 7. Nge2 c6 8. Bd2 Nbd7 9. Nf4 Bg6 10. Qe2 Qc7 11. 0-0-0 Bxd3 12. Qxd3 e6 13. Rhe1 0-0-0 14. Ne4 h6 15. c4 g5 16. Ne2 Bg7 17. Qa3 Nxe4 18. fxe4 b6 19. Bc3 Nf6 20. Ng3 Ng4 21. e5 c5 22. Ne4 cxd4 23. Nd6+ Rxd6 24. exd6 Qxc4 25. Qxa7 Nf2 26. Rd2 Rf8 27. Kb1 Nd3 28. Qa8+ Kd7 29. Qb7+ Kd8 30. Qe7+ Kc8 31. d7+ Kb8 32. d8Q+ Rxd8 33. Qxd8+ Kb7 34. Red1 Nf2 35. Bxd4 Nxd1 36. Qxb6+ Kc8 37. Rc2 1-0

[Event "SVK-chT1E 1314"]
[Site "Slovakia"]
[Date "2013.12.14"]
[Round "5.6"]
[White "Vojtko, Marek"]
[Black "Andras, Tomas"]
[Result "0-1"]
[WhiteElo "2015"]
[BlackElo "2065"]
[PlyCount "54"]
[EventDate "2013.10.12"]
[EventType "team-tourn"]
[EventRounds "11"]
[EventCountry "SVK"]
[SourceTitle "EXT 2015"]
[Source "ChessBase"]
[SourceDate "2014.11.20"]
[SourceVersion "1"]
[SourceVersionDate "2014.11.20"]
[SourceQuality "1"]
[WhiteTeam "Prakovce"]
[BlackTeam "Kezmarok"]
[WhiteTeamCountry "SVK"]
[BlackTeamCountry "SVK"]

1. d4 d5 2. g3 Nf6 3. Bg2 e6 4. Nf3 c5 5. c3 Nc6 6. 0-0 b6 7. Bf4 Bb7 8. Qa4 Bd6 9. dxc5 Bxc5 10. Ne5 Rc8 11. c4 0-0 12. Nxc6 Bxc6 13. Qxa7 Nh5 14. cxd5 exd5 15. Qa6 Nxf4 16. gxf4 Qf6 17. Nc3 Qxf4 18. Nxd5 Bxd5 19. Bxd5 Bd6 20. Rfd1 Qxh2+ 21. Kf1 Bc5 22. e3 Bxe3 23. Qe2 Bc5 24. Qf3 Kh8 25. Be4 Rce8 26. Bf5 Re5 27. Qh3 Qxf2# 0-1

[Event "Oravska Priehrada op"]
[Site "Oravska Priehrada"]
[Date "2013.08.11"]
[Round "6"]
[White "Pejko, Otomar"]
[Black "Andras, Tomas"]
[Result "1-0"]
[WhiteElo "2102"]
[BlackElo "2058"]
[PlyCount "37"]
[EventDate "2013.08.09"]
[EventType "swiss"]
[EventRounds "7"]
[EventCountry "SVK"]
[SourceTitle "CBM 155 Extra"]
[Source "ChessBase"]
[SourceDate "2013.08.26"]
[SourceVersion "1"]
[SourceVersionDate "2013.08.26"]
[SourceQuality "1"]

1. e4 e6 2. d4 b6 3. Nc3 Bb7 4. Nf3 Bb4 5. Bd3 Ne7 6. 0-0 d5 7. exd5 Bxc3 8. Bb5+ Kf8 9. bxc3 Qxd5 10. Be2 Nd7 11. c4 Qc6 12. a4 Nf6 13. Ba3 Rd8 14. Re1 Qe4 15. c5 g5 16. Ba6 Qxe1+ 17. Qxe1 Bxa6 18. cxb6 cxb6 19. Qe5 1-0